| 000 | 01029cam a2200325 a 4500 | ||
|---|---|---|---|
| 001 | 15646649 | ||
| 003 | EG-ScBUE | ||
| 005 | 20220223093145.0 | ||
| 008 | 090304t2009 nyu f 000 1 eng d | ||
| 020 | _a1594484465 | ||
| 020 | _a9781594484469 | ||
| 040 |
_aDLC _beng _erda _cDLC _dDLC _dEG-ScBUE |
||
| 043 | _ae-uk-en | ||
| 082 | 0 | 4 |
_a823.914 _222 _bWAT |
| 100 | 1 |
_aWaters, Sarah, _d1966- _eauthor. _924109 |
|
| 245 | 1 | 4 |
_aThe Little Stranger / _cSarah Waters. |
| 264 | 1 |
_aNew York : _bRiverhead Books, _c[2009] |
|
| 264 | 4 | _cc2009 | |
| 300 |
_a512 pages ; _c24 cm |
||
| 336 |
_2rdacontent _atext _btxt |
||
| 337 |
_2rdamedia _aunmediated _bn |
||
| 338 |
_2rdacarrier _avolume _bnc |
||
| 586 | _aThe Man Booker Prize, 2009 | ||
| 650 | 7 |
_aPhysicians _vFiction. _924110 _2BUEsh |
|
| 651 | 7 |
_aWarwickshire (England) _vFiction. _924111 _2BUEsh |
|
| 653 |
_cMay2011 _dBestSellers _bHHUUEENN |
||
| 655 |
_vReading book _934232 |
||
| 942 |
_2ddc _cBB |
||
| 999 |
_c15396 _d15396 |
||